Every Song by Linkin Park - Statistics

General Stats
  • This quiz has been taken 313 times
    118 since last reset
  • The average score is 62 of 234
Answer Stats
Album Song % Correct
Hybrid Theory(2000) In The End
96%
Meteora(2003) Numb
93%
Hybrid Theory(2000) Papercut
87%
Meteora(2003) Faint
85%
Hybrid Theory(2000) One Step Closer
83%
Hybrid Theory(2000) Crawling
79%
Meteora(2003) Breaking the Habit
76%
Minutes To Midnight(2007) What I've Done
76%
One More Light(2017) One More Light
75%
Meteora(2003) Somewhere I Belong
73%
From Zero(2024) The Emptiness Machine
72%
One More Light(2017) Heavy
70%
LIVING THINGS(2012) BURN IT DOWN
68%
Minutes To Midnight(2007) Given Up
68%
A Thousand Suns(Bonus)(2010) New Divide
68%
Minutes To Midnight(2007) Bleed It Out
66%
Meteora(Bonus)(2023) Lost
66%
From Zero(2024) Heavy Is the Crown
65%
Hybrid Theory(2000) A Place for My Head
63%
LIVING THINGS(2012) CASTLE OF GLASS
63%
Meteora(2003) Figure.09
62%
From Zero(Bonus)(2025) Up from the Bottom
61%
Hybrid Theory(Bonus)(2000) My December
59%
Hybrid Theory(2000) Points of Authority
59%
Hybrid Theory(2000) With You
59%
Hybrid Theory(2000) Runaway
58%
A Thousand Suns(2010) The Catalyst
58%
Hybrid Theory(2000) By Myself
56%
Meteora(2003) Don't Stay
56%
From Zero(2024) From Zero (Intro)
56%
Meteora(2003) Lying From You
56%
Hybrid Theory(2000) Cure for the Itch
55%
Minutes To Midnight(2007) Leave Out All the Rest
55%
Hybrid Theory(2000) Forgotten
54%
Hybrid Theory(Bonus)(2000) High Voltage
54%
A Thousand Suns(2010) Waiting for the End
54%
A Thousand Suns(2010) Iridescent
51%
Hybrid Theory(2000) Pushing Me Away
51%
Minutes To Midnight(2007) Shadow of the Day
51%
From Zero(2024) Two Faced
51%
Meteora(2003) From the Inside
49%
From Zero(2024) IGYEIH
49%
Minutes To Midnight(2007) Valentine's Day
49%
Meteora(2003) Easier to Run
48%
Meteora(2003) Hit the Floor
48%
LIVING THINGS(2012) LOST IN THE ECHO
48%
LP Underground 6.0(2006) QWERTY
48%
From Zero(2024) Casualty
46%
Meteora(2003) Nobody's Listening
46%
Minutes To Midnight(2007) No More Sorrow
46%
From Zero(2024) Over Each Other
46%
Meteora(2003) Session
46%
One More Light(2017) Talking to Myself
46%
Minutes To Midnight(2007) The Little Things Give You Away
45%
The Hunting Party(2014) Final Masquerade
44%
From Zero(Bonus)(2025) Let You Fade
44%
From Zero(2024) Overflow
44%
From Zero(Bonus)(2025) Unshatter
44%
One More Light(2017) Battle Symphony
42%
Meteora(2003) Foreword
42%
Papercuts (Singles Collection 2000–2023)2024) Friendly Fire
42%
From Zero(2024) Good Things Go
42%
LIVING THINGS(2012) IN MY REMAINS
42%
Minutes To Midnight(2007) In Pieces
42%
From Zero(2024) Stained
42%
A Thousand Suns(2010) The Requiem
41%
From Zero(2024) Cut the Bridge
39%
Meteora(Bonus)(2023) Fighting Myself
39%
Minutes To Midnight(2007) In Between
39%
One More Light(2017) Sharp Edges
39%
The Hunting Party(2014) War
39%
Hybrid Theory EP(1999) And One
38%
One More Light(2017) Good Goodbye
38%
The Hunting Party(2014) Guilty All the Same
38%
Minutes To Midnight(2007) Hands Held High
38%
LIVING THINGS(2012) LIES GREED MISERY
38%
LIVING THINGS(2012) POWERLESS
38%
LIVING THINGS(2012) ROADS UNTRAVELED
38%
One More Light(2017) Sorry for Now
38%
LIVING THINGS(2012) VICTIMIZED
38%
A Thousand Suns(2010) Blackout
37%
A Thousand Suns(2010) Burning In the Skies
37%
One More Light(2017) Nobody Can Save Me
37%
The Hunting Party(2014) Rebellion
37%
A Thousand Suns(2010) Robot Boy
37%
A Thousand Suns(2010) The Messenger
37%
The Hunting Party(2014) Until It's Gone
37%
Minutes To Midnight(2007) Wake
37%
A Thousand Suns(2010) Wretches and Kings
37%
The Hunting Party(2014) A Line in the Sand
35%
One More Light(2017) Invisible
35%
Minutes To Midnight(Bonus)(2007) No Roads Left
35%
LIVING THINGS(2012) TINFOIL
35%
Hybrid Theory EP(1999) Carousel
34%
Meteora(Bonus)(2023) More the Victim
34%
LIVING THINGS(2012) SKIN TO BONE
34%
LIVING THINGS(2012) UNTIL IT BREAKS
34%
LP Underground 9: Demos(2009) Across the Line
32%
Recharged(2013) A Light That Never Comes
32%
One More Light(2017) Halfway Right
32%
LIVING THINGS(2012) I'LL BE GONE
32%
A Thousand Suns(2010) The Radiance
32%
A Thousand Suns(2010) When They Come for Me
32%
The Hunting Party(2014) All for Nothing
31%
A Thousand Suns(2010) Empty Spaces
31%
A Thousand Suns(2010) Fallout
31%
A Thousand Suns(2010) Jornada Del Muerto
31%
Hybrid Theory EP(1999) Step Up
31%
The Hunting Party(2014) Keys to the Kingdom
30%
Hybrid Theory(Bonus)(2020) She Couldn't
30%
The Hunting Party(2014) Wastelands
30%
A Thousand Suns(2010) Wisdom, Justice, and Love
30%
A Thousand Suns(Bonus)(2010) Blackbirds
28%
The Hunting Party(2014) Drawbar
28%
Hybrid Theory EP(1999) Part of Me
28%
Meteora(Bonus)(2023) Healing Foot
27%
The Hunting Party(2014) Mark the Graves
27%
Meteora(Bonus)(2023) Massive
27%
Non-Album(2011) Not Alone
24%
Hybrid Theory(Bonus)(2020) Dialate
23%
Hybrid Theory EP(1999) Technique
21%
The Hunting Party(2014) The Summoning
21%
Meteora(Bonus)(2023) Resolution
20%
Underground Eleven(2011) Blue
18%
Hybrid Theory(Bonus)(2020) Esaul
18%
Meteora(Bonus)(2023) Wesside
18%
LP Underground 2.0(2002) A.06
17%
Songs from the Underground(2008) Dedicated
17%
Hybrid Theory(Bonus)(2020) Pictureboard
17%
LP Underground 12.0(2012) So Far Away
15%
Hybrid Theory(Bonus)(2020) Stick N Move
15%
Hybrid Theory(Bonus)(2020) SuperXero
15%
Meteora(Bonus)(2023) A6
14%
Underground X: Demos(2010) Coal
14%
Hybrid Theory(Bonus)(2020) Could Have Been
14%
Hybrid Theory(Bonus)(2020) Reading My Eyes
14%
Hybrid Theory(Bonus)(2020) Rhinestone
14%
LP Underground 9: Demos(2009) A-Six
13%
Underground X: Demos(2010) Halo
13%
LP Underground 4.0(2004) Sold My Soul to Yo Mama
13%
A Decade Underground(2010) Pretend to Be
11%
LP Underground 4.0(2004) Standing in the Middle
11%
LP Underground 15(2015) Chair
10%
LP Underground XIII(2013) Cumulus
10%
LP Underground 15(2015) Grr
10%
LP Underground 12.0(2012) Ominous
10%
LP Underground 12.0(2012) Pepper
10%
Underground Eleven(2011) Soundtrack
10%
Underground X: Demos(2010) Unfortunate
10%
Underground Eleven(2011) YO
10%
Sweet Hamster Like Jewels from America! (Underground 8.0)(2008) 26 Lettaz in da Alphabet
8%
LP Underground 15(2015) Attached
8%
Underground Eleven(2011) Broken Foot
8%
Sweet Hamster Like Jewels from America! (Underground 8.0)(2008) Bubbles
8%
LP Underground 15(2015) Hurry
8%
Underground Eleven(2011) Program
7%
Mall(2014) White Noise
7%
LP Underground 12.0(2012) Debris
6%
Underground X: Demos(2010) I Have Not Begun
6%
Sweet Hamster Like Jewels from America! (Underground 8.0)(2008) PB n' Jellyfish
6%
Underground X: Demos(2010) What We Don't Know
6%
LP Underground 6.0(2006) Announcement Service Public
4%
LP Underground 15(2015) Chance of Rain
4%
Sweet Hamster Like Jewels from America! (Underground 8.0)(2008) Da Bloos
4%
LP Underground XIII(2013) Basquiat
4%
Mall(2014) It Goes Through
4%
Underground X: Demos(2010) Pale
4%
LP Underground XIV(2014) Rhinoceros
4%
LP Underground XIV(2014) After Canada
3%
LP Underground Sixteen(2016) Air Force One
3%
LP Underground 15(2015) Animals
3%
LP Underground 12.0(2012) Asbestos
3%
LP Underground 12.0(2012) Homecoming
3%
LP Underground XIII(2013) Holding Company
3%
Sweet Hamster Like Jewels from America! (Underground 8.0)(2008) No Laundry
3%
LP Underground 15(2015) Pods 1 of 3
3%
LP Underground 15(2015) Pods 2 of 3
3%
LP Underground 15(2015) Pods 3 of 3
3%
LP Underground XIII(2013) Universe
3%
Sweet Hamster Like Jewels from America! (Underground 8.0)(2008) You Ain't Gotsta Gotsta
3%
Mall(2014) Barry's Story
1%
LP Underground 15(2015) Basil
1%
LP Underground 12.0(2012) Bunker
1%
LP Underground Sixteen(2016) Can't Hurt Me
1%
Mall(2014) Changing Room Tease
1%
LP Underground 12.0(2012) Clarity
1%
LP Underground Sixteen(2016) Consequence A
1%
LP Underground Sixteen(2016) Consequence B
1%
Mall(2014) Cops Arrive
1%
Mall(2014) Danny in Police Car - Mal Gears Up
1%
Mall(2014) Danny's Lucky Day
1%
LP Underground Sixteen(2016) Dark Crystal
1%
Underground X: Demos(2010) Divided
1%
Non-Album(2011) Issho Ni
1%
Mall(2014) Jeff Makes Observations
1%
Mall(2014) Jeff Walks
1%
Non-Album(2017) Looking for an Answer
1%
LP Underground XIV(2014) Malathion+Tritonus
1%
Mall(2014) Mal Gives Barry Second Chance - Mal Unloads
1%
Mall(2014) Mall Blueprint
1%
Mall(2014) Mall Carnage - Mal Stalked
1%
Mall(2014) Mal RX7
1%
LP Underground Sixteen(2016) Symphonies of Light Reprise
1%
Mall(2014) The Last Line
1%
LP Underground 15(2015) TooLeGit
1%
LP Underground 15(2015) 2016 Grudgematch
0%
Mall(2014) Adele and Danny In the Backseat
0%
LP Underground XIV(2014) Aubrey One
0%
LP Underground XIV(2014) Berlin One, Version C
0%
LP Underground XIV(2014) Blanka
0%
8-Bit Rebellion!(2010) Boss Theme
0%
Light Demos EP(2012) Bruiser Stage
0%
LP Underground Sixteen(2016) Burberry
0%
Light Demos EP(2012) Complimentary
0%
Mall(2014) Dancer
0%
Mall(2014) Danny Goes Home
0%
LP Underground 2.0(2002) Dedication
0%
Mall(2014) Devil's Drop
0%
8-Bit Rebellion!(2010) Apartment Theme
0%
LP Underground XIV(2014) Froctagon
0%
LP Underground XIV(2014) Heartburn
0%
LP Underground XIII(2013) Hemispheres
0%
Mall(2014) Jeff and Donna Connect
0%
Mall(2014) Jeff Philosophizes to Donna
0%
Mall(2014) Jeff Trips in the Mirror
0%
Non-Album(2008) Lockjaw
0%
Light Demos EP(2012) Loop Jam 1
0%
Light Demos EP(2012) Loop Jam 2
0%
8-Bit Rebellion!(2010) Mall Theme
0%
Mall(2014) Mal vs. Helicopter
0%
Underground Eleven(2011) Pay Yo Respektz
0%
8-Bit Rebellion!(2010) Pre-Boss Theme
0%
Light Demos EP(2012) Space Station
0%
Mall(2014) TV Comes to Life - Mal and Jeff
0%
No matching quizzes found
Score Distribution
Percent of People with Each Score
Percentile by Number Answered
Your Score History
You have not taken this quiz since the last reset